Minecraft Quiz - Statistics

General Stats
  • This quiz has been taken 302 times
    301 since last reset
  • The average score is 13 of 15
Answer Stats
Question Answer % Correct
What is the boss mob in the end dimension? Ender dragon
98%
What is the number 1 rule of Minecraft? Never dig strait down
98%
Can you play in multiplayer? Yes
98%
Which item is edible? Apple
96%
What green hostile mob explodes around the player? Creeper
96%
Which item allows you to fly? Elytra
96%
What is the 1st thing you do when you spawn in a survival world? Mine a tree
96%
After you kill the boss mob, Can you keep playing? Yes
96%
Which is a Diamond block?
94%
Which block is unbreakable? Bedrock
90%
Which mob looks like a ghost? 👻 👻 👻 👻 Ghast
90%
Can you hack in other people's server without permission? no
75%
Are you allowed to steal from villagers? Yes
73%
What is the strongest mob in Minecraft without mods? Warden
71%
Can you break a stone block with your fist? Yes
71%
No matching quizzes found
Score Distribution
Percent of People with Each Score
Percentile by Number Answered
Your Score History
You have not taken this quiz since the last reset